| 000 | 01193nam a2200313 i 4500 | ||
|---|---|---|---|
| 003 | EG-ScBUE | ||
| 005 | 20250216093425.0 | ||
| 008 | 200219s2018 nyua f b 001 0 eng d | ||
| 020 | _a9781138889392 | ||
| 040 |
_aEG-ScBUE _beng _erda _cEG-ScBUE _dEG-ScBUE |
||
| 082 | 0 | 4 |
_a720.472 _222 _bHEM |
| 100 | 1 |
_aHemsath, Timothy, _eauthor. |
|
| 245 | 1 | 0 |
_aEnergy modeling in architectural design / _cTimothy L. Hemsath and Kaveh Alagheh Bandhosseini. |
| 264 | 1 |
_aNew York : _bRoutledge, _c2018. |
|
| 300 |
_axxvi, 253 pages : _billustrations ; _c26 cm |
||
| 336 |
_atext _btxt _2rdacontent |
||
| 336 |
_astill image _bsti _2rdacontent |
||
| 337 |
_aunmediated _bn _2rdamedia |
||
| 338 |
_avolume _bnc _2rdacarrier |
||
| 504 | _aIncludes bibliographical references and index. | ||
| 650 | 7 |
_aArchitecture and energy conservation. _2BUEsh |
|
| 650 | 7 |
_aBuildings _xEnergy conservation _xComputer simulation. _2BUEsh |
|
| 655 | _vReading book | ||
| 700 | 1 |
_aBandhosseini, Kaveh Alagheh, _eauthor. |
|
| 906 |
_a7 _bcbc _corignew _d1 _eecip _f20 _gy-gencatlg |
||
| 942 |
_2ddc _cBB |
||
| 999 |
_c30883 _d30854 |
||